[Event "Open"]
[Site "Maastricht, NL"]
[Date "2025.06.06"]
[Round "1"]
[White "Warmerdam, Max"]
[Black "Klinova, Masha"]
[Result "1-0"]
[Board "1"]
[WhiteFideId "1048104"]
[BlackFideId "2802015"]
[WhiteTitle "GM"]
[BlackTitle "IM"]
[WhiteElo "2613"]
[BlackElo "2231"]
[WhiteTeam "NED"]
[BlackTeam "ISR"]
[WhiteClock "0:33:04"]
[BlackClock "0:29:15"]
[Variant "Standard"]

1. Nf3 {[%clk 1:30:48]}  g6 {[%clk 1:30:52]} 2. d4 {[%clk 1:30:23]}  Bg7 {[%clk 1:31:09]} 3. c4 {[%clk 1:30:27]}  d6 {[%clk 1:31:17]} 4. Nc3 {[%clk 1:30:36]}  Nc6 {[%clk 1:31:23]} 5. g3 {[%clk 1:29:23]}  Nf6 {[%clk 1:31:18]} 6. Bg2 {[%clk 1:28:26]}  O-O {[%clk 1:31:42]} 7. Bf4 {[%clk 1:28:50]}  Bf5 {[%clk 1:31:03]} 8. d5 {[%clk 1:28:06]}  Na5 {[%clk 1:30:28]} 9. b3 {[%clk 1:28:28]}  c5 {[%clk 1:30:11]} 10. Rc1 {[%clk 1:19:48]}  a6 {[%clk 1:23:40]} 11. O-O {[%clk 1:15:48]}  Ne4 {[%clk 1:17:21]} 12. Nb1 {[%clk 1:12:45]}  Nf6 {[%clk 1:17:28]} 13. Nbd2 {[%clk 0:51:35]}  b5 {[%clk 1:06:28]} 14. Re1 {[%clk 0:45:53]}  bxc4 {[%clk 0:55:59]} 15. bxc4 {[%clk 0:43:03]}  Ne4 {[%clk 0:54:01]} 16. Nxe4 {[%clk 0:38:26]}  Bxe4 {[%clk 0:54:21]} 17. Qa4 {[%clk 0:38:43]}  Qc7 {[%clk 0:49:33]} 18. Bh3 {[%clk 0:34:41]}  Bxf3 {[%clk 0:34:49]} 19. exf3 {[%clk 0:34:35]}  Rfb8 {[%clk 0:35:03]} 20. Bd2 {[%clk 0:34:32]}  Nb7 {[%clk 0:32:42]} 21. Qc6 {[%clk 0:34:19]}  Qd8 {[%clk 0:32:57]} 22. Rb1 {[%clk 0:34:13]}  Na5 {[%clk 0:32:54]} 23. Qa4 {[%clk 0:34:06]}  Rb4 {[%clk 0:29:15]} 24. Rxb4 {[%clk 0:33:04]} 1-0

[Event "Open"]
[Site "Maastricht, NL"]
[Date "2025.06.06"]
[Round "1"]
[White "Kumar, Prajit Sai"]
[Black "Bok, Benjamin"]
[Result "0-1"]
[Board "2"]
[WhiteFideId "1070207"]
[BlackFideId "1017063"]
[BlackTitle "GM"]
[WhiteElo "2223"]
[BlackElo "2582"]
[WhiteTeam "NED"]
[BlackTeam "NED"]
[WhiteClock "0:01:23"]
[BlackClock "0:01:08"]
[Variant "Standard"]

1. e4 {[%clk 1:30:53]}  c5 {[%clk 1:30:54]} 2. Nf3 {[%clk 1:31:16]}  d6 {[%clk 1:31:13]} 3. d4 {[%clk 1:31:40]}  cxd4 {[%clk 1:31:39]} 4. Nxd4 {[%clk 1:32:05]}  Nf6 {[%clk 1:32:04]} 5. Nc3 {[%clk 1:32:29]}  a6 {[%clk 1:32:25]} 6. f3 {[%clk 1:32:09]}  e5 {[%clk 1:32:47]} 7. Nb3 {[%clk 1:32:33]}  Be6 {[%clk 1:33:07]} 8. Be3 {[%clk 1:32:55]}  Be7 {[%clk 1:33:17]} 9. Qd2 {[%clk 1:31:54]}  O-O {[%clk 1:33:37]} 10. O-O-O {[%clk 1:31:27]}  Nbd7 {[%clk 1:34:02]} 11. g4 {[%clk 1:31:01]}  b5 {[%clk 1:34:28]} 12. g5 {[%clk 1:30:55]}  Nh5 {[%clk 1:34:53]} 13. Kb1 {[%clk 1:26:56]}  Nb6 {[%clk 1:35:12]} 14. Nd5 {[%clk 1:23:00]}  Nxd5 {[%clk 1:35:35]} 15. exd5 {[%clk 1:23:23]}  Bf5 {[%clk 1:36:00]} 16. Na5 {[%clk 1:18:49]}  f6 {[%clk 1:36:24]} 17. Nc6 {[%clk 1:09:35]}  Qd7 {[%clk 1:35:29]} 18. gxf6 {[%clk 1:05:42]}  Bxf6 {[%clk 1:35:40]} 19. Bd3 {[%clk 0:58:23]}  Bh4 {[%clk 1:28:31]} 20. Qg2 {[%clk 0:49:56]}  Bxd3 {[%clk 1:17:38]} 21. Rxd3 {[%clk 0:50:20]}  Nf4 {[%clk 1:18:00]} 22. Bxf4 {[%clk 0:50:11]}  Rxf4 {[%clk 1:18:28]} 23. Ra3 {[%clk 0:39:53]}  Qf5 {[%clk 1:09:58]} 24. Qe2 {[%clk 0:29:24]}  e4 {[%clk 0:42:47]} 25. fxe4 {[%clk 0:27:54]}  Rxe4 {[%clk 0:41:14]} 26. Qd1 {[%clk 0:27:53]}  Rae8 {[%clk 0:30:26]} 27. Rf3 {[%clk 0:26:08]}  Qxf3 {[%clk 0:25:41]} 28. Qxf3 {[%clk 0:26:32]}  Re1+ {[%clk 0:26:09]} 29. Qd1 {[%clk 0:26:55]}  Rxd1+ {[%clk 0:24:06]} 30. Rxd1 {[%clk 0:27:19]}  Re3 {[%clk 0:21:32]} 31. a4 {[%clk 0:21:35]}  bxa4 {[%clk 0:19:29]} 32. Rd4 {[%clk 0:21:42]}  Rh3 {[%clk 0:06:26]} 33. Rxa4 {[%clk 0:21:52]}  Rxh2 {[%clk 0:06:50]} 34. Rxa6 {[%clk 0:21:42]}  Bf6 {[%clk 0:07:10]} 35. Nb8 {[%clk 0:08:00]}  h5 {[%clk 0:05:56]} 36. Rxd6 {[%clk 0:08:10]}  h4 {[%clk 0:04:37]} 37. Nd7 {[%clk 0:07:46]}  Bg5 {[%clk 0:03:23]} 38. Rg6 {[%clk 0:03:37]}  Bf4 {[%clk 0:01:19]} 39. Rg4 {[%clk 0:03:28]}  g5 {[%clk 0:01:05]} 40. Nf6+ {[%clk 0:02:28]}  Kf7 {[%clk 0:01:27]} 41. Ne4 {[%clk 0:01:25]}  Kg6 {[%clk 0:01:18]} 42. Rg1 {[%clk 0:00:44]}  Re2 {[%clk 0:00:47]} 43. Nc5 {[%clk 0:00:44]}  Be3 {[%clk 0:00:41]} 44. d6 {[%clk 0:00:43]}  Bxg1 {[%clk 0:00:36]} 45. d7 {[%clk 0:01:04]}  Rd2 {[%clk 0:00:56]} 46. Nd3 {[%clk 0:01:23]}  Bb6 {[%clk 0:01:08]} 0-1

[Event "Open"]
[Site "Maastricht, NL"]
[Date "2025.06.06"]
[Round "1"]
[White "Gurevich, Mikhail"]
[Black "Van Batenburg, Mees"]
[Result "1-0"]
[Board "3"]
[WhiteFideId "200930"]
[BlackFideId "1078259"]
[WhiteTitle "GM"]
[WhiteElo "2567"]
[BlackElo "2218"]
[WhiteTeam "BEL"]
[BlackTeam "NED"]
[WhiteClock "0:16:05"]
[BlackClock "0:01:42"]
[Variant "Standard"]

1. Nf3 {[%clk 1:30:48]}  d5 {[%clk 1:30:09]} 2. d4 {[%clk 1:31:11]}  e6 {[%clk 1:30:27]} 3. c4 {[%clk 1:31:30]}  Nf6 {[%clk 1:30:50]} 4. Nc3 {[%clk 1:31:55]}  Nbd7 {[%clk 1:31:11]} 5. Bf4 {[%clk 1:30:44]}  Bb4 {[%clk 1:31:22]} 6. cxd5 {[%clk 1:24:15]}  exd5 {[%clk 1:31:43]} 7. e3 {[%clk 1:21:36]}  Ne4 {[%clk 1:31:01]} 8. Qc2 {[%clk 1:21:25]}  g5 {[%clk 1:19:20]} 9. Bg3 {[%clk 1:17:25]}  Nb6 {[%clk 1:08:44]} 10. Bd3 {[%clk 1:15:47]}  Qe7 {[%clk 1:02:18]} 11. O-O {[%clk 1:02:19]}  Bxc3 {[%clk 1:02:37]} 12. bxc3 {[%clk 1:02:15]}  Nxg3 {[%clk 0:50:00]} 13. fxg3 {[%clk 0:58:50]}  Be6 {[%clk 0:42:15]} 14. Rae1 {[%clk 0:58:07]}  O-O-O {[%clk 0:41:00]} 15. e4 {[%clk 0:57:50]}  dxe4 {[%clk 0:32:44]} 16. Rxe4 {[%clk 0:54:39]}  Nd5 {[%clk 0:30:18]} 17. Qb2 {[%clk 0:42:35]}  c6 {[%clk 0:17:33]} 18. Ne5 {[%clk 0:39:37]}  Qc7 {[%clk 0:16:03]} 19. c4 {[%clk 0:30:56]}  Nb6 {[%clk 0:16:22]} 20. Re2 {[%clk 0:23:57]}  Kb8 {[%clk 0:15:01]} 21. Ref2 {[%clk 0:21:08]}  Na4 {[%clk 0:12:23]} 22. Qa1 {[%clk 0:19:19]}  Rhf8 {[%clk 0:03:12]} 23. Bxh7 {[%clk 0:18:58]}  f5 {[%clk 0:02:06]} 24. Bxf5 {[%clk 0:18:58]}  Bxf5 {[%clk 0:02:05]} 25. Rxf5 {[%clk 0:19:22]}  Rxf5 {[%clk 0:02:32]} 26. Rxf5 {[%clk 0:19:46]}  Qb6 {[%clk 0:02:51]} 27. Rf8 {[%clk 0:19:34]}  Kc8 {[%clk 0:02:22]} 28. Rxd8+ {[%clk 0:19:17]}  Qxd8 {[%clk 0:02:23]} 29. h3 {[%clk 0:17:11]}  c5 {[%clk 0:01:20]} 30. d5 {[%clk 0:17:01]}  Qf6 {[%clk 0:01:48]} 31. Qe1 {[%clk 0:17:18]}  Qf5 {[%clk 0:01:30]} 32. Kh2 {[%clk 0:16:05]}  Nb6 {[%clk 0:01:49]} 33. Qe3 {[%clk 0:16:19]}  Kd8 {[%clk 0:01:42]} 34. d6 {[%clk 0:16:05]} 1-0

[Event "Open"]
[Site "Maastricht, NL"]
[Date "2025.06.06"]
[Round "1"]
[White "Ramien, David"]
[Black "Laurent-Paoli, Pierre"]
[Result "0-1"]
[Board "4"]
[WhiteFideId "12948241"]
[BlackFideId "26017962"]
[BlackTitle "GM"]
[WhiteElo "2216"]
[BlackElo "2545"]
[WhiteTeam "GER"]
[BlackTeam "FRA"]
[WhiteClock "0:06:17"]
[BlackClock "0:23:36"]
[Variant "Standard"]

1. e4 {[%clk 1:30:56]}  c5 {[%clk 1:29:43]} 2. Nf3 {[%clk 1:31:08]}  Nc6 {[%clk 1:30:05]} 3. Nc3 {[%clk 1:31:09]}  e6 {[%clk 1:27:08]} 4. Bb5 {[%clk 1:30:00]}  Nge7 {[%clk 1:27:19]} 5. O-O {[%clk 1:30:16]}  a6 {[%clk 1:26:54]} 6. Bxc6 {[%clk 1:30:37]}  Nxc6 {[%clk 1:27:20]} 7. d4 {[%clk 1:30:52]}  cxd4 {[%clk 1:27:30]} 8. Nxd4 {[%clk 1:31:17]}  Nxd4 {[%clk 1:27:14]} 9. Qxd4 {[%clk 1:31:41]}  b5 {[%clk 1:27:40]} 10. Re1 {[%clk 1:06:01]}  Bb7 {[%clk 1:13:25]} 11. a4 {[%clk 0:57:50]}  b4 {[%clk 1:05:28]} 12. Nd5 {[%clk 0:57:18]}  a5 {[%clk 1:02:12]} 13. c3 {[%clk 0:41:28]}  bxc3 {[%clk 0:57:12]} 14. Nxc3 {[%clk 0:29:57]}  Bc6 {[%clk 0:46:42]} 15. Nd5 {[%clk 0:27:00]}  f6 {[%clk 0:45:35]} 16. Bd2 {[%clk 0:21:16]}  Qb8 {[%clk 0:39:34]} 17. Nb6 {[%clk 0:15:39]}  Ra6 {[%clk 0:33:35]} 18. Nc4 {[%clk 0:15:59]}  Bb4 {[%clk 0:33:11]} 19. Bxb4 {[%clk 0:11:46]}  Qxb4 {[%clk 0:33:34]} 20. Nd6+ {[%clk 0:10:07]}  Ke7 {[%clk 0:33:30]} 21. Qd3 {[%clk 0:10:33]}  Rha8 {[%clk 0:32:15]} 22. e5 {[%clk 0:07:27]}  fxe5 {[%clk 0:30:57]} 23. Nc4 {[%clk 0:06:48]}  e4 {[%clk 0:28:37]} 24. Qd4 {[%clk 0:07:09]}  Kf8 {[%clk 0:28:26]} 25. Re3 {[%clk 0:04:57]}  d5 {[%clk 0:25:17]} 26. Rg3 {[%clk 0:05:14]}  R6a7 {[%clk 0:25:16]} 27. Rxg7 {[%clk 0:05:20]}  Rxg7 {[%clk 0:25:35]} 28. Qf6+ {[%clk 0:05:43]}  Rf7 {[%clk 0:24:01]} 29. Qh6+ {[%clk 0:06:09]}  Kg8 {[%clk 0:23:43]} 30. Ne5 {[%clk 0:06:17]}  Qxb2 {[%clk 0:23:36]} 0-1

[Event "Open"]
[Site "Maastricht, NL"]
[Date "2025.06.06"]
[Round "1"]
[White "Beerdsen, Thomas"]
[Black "Donker, Roel"]
[Result "0-1"]
[Board "5"]
[WhiteFideId "1030108"]
[BlackFideId "1031660"]
[WhiteTitle "GM"]
[BlackTitle "CM"]
[WhiteElo "2538"]
[BlackElo "2213"]
[WhiteTeam "NED"]
[BlackTeam "NED"]
[WhiteClock "0:28:55"]
[BlackClock "0:06:02"]
[Variant "Standard"]

1. e4 {[%clk 1:30:56]}  e5 {[%clk 1:30:53]} 2. Nf3 {[%clk 1:31:19]}  Nc6 {[%clk 1:31:15]} 3. Bc4 {[%clk 1:31:41]}  Bc5 {[%clk 1:31:34]} 4. b4 {[%clk 1:32:05]}  Bxb4 {[%clk 1:31:56]} 5. c3 {[%clk 1:32:28]}  Be7 {[%clk 1:31:59]} 6. d4 {[%clk 1:32:40]}  Na5 {[%clk 1:32:00]} 7. Bd3 {[%clk 1:33:02]}  d6 {[%clk 1:31:01]} 8. dxe5 {[%clk 1:33:13]}  dxe5 {[%clk 1:28:42]} 9. Nxe5 {[%clk 1:32:45]}  Nf6 {[%clk 1:28:50]} 10. O-O {[%clk 1:32:31]}  O-O {[%clk 1:28:58]} 11. Qc2 {[%clk 1:32:47]}  c5 {[%clk 1:26:19]} 12. Nd2 {[%clk 1:28:55]}  Qc7 {[%clk 1:20:13]} 13. f4 {[%clk 1:28:11]}  Be6 {[%clk 1:10:14]} 14. Ndf3 {[%clk 1:21:17]}  Bd6 {[%clk 1:02:58]} 15. Kh1 {[%clk 1:14:47]}  Rad8 {[%clk 1:00:09]} 16. Qe2 {[%clk 1:07:37]}  b6 {[%clk 0:36:21]} 17. c4 {[%clk 1:03:27]}  Nh5 {[%clk 0:29:14]} 18. Ng5 {[%clk 0:59:34]}  g6 {[%clk 0:19:24]} 19. Ng4 {[%clk 0:46:05]}  Bxg4 {[%clk 0:13:57]} 20. Qxg4 {[%clk 0:46:29]}  Bxf4 {[%clk 0:13:54]} 21. Bxf4 {[%clk 0:46:05]}  Nxf4 {[%clk 0:14:15]} 22. Rxf4 {[%clk 0:46:30]}  Rxd3 {[%clk 0:14:27]} 23. Raf1 {[%clk 0:45:42]}  Qd7 {[%clk 0:13:10]} 24. Qh4 {[%clk 0:38:33]}  f6 {[%clk 0:12:17]} 25. e5 {[%clk 0:37:00]}  Rd1 {[%clk 0:08:45]} 26. Qf2 {[%clk 0:30:13]}  Rxf1+ {[%clk 0:07:12]} 27. Qxf1 {[%clk 0:30:37]}  f5 {[%clk 0:07:16]} 28. Rh4 {[%clk 0:27:58]}  Qe7 {[%clk 0:06:49]} 29. Nf3 {[%clk 0:27:01]}  Nc6 {[%clk 0:06:16]} 30. Rh3 {[%clk 0:21:11]}  Nxe5 {[%clk 0:05:26]} 31. Nxe5 {[%clk 0:21:36]}  Qxe5 {[%clk 0:05:51]} 32. Ra3 {[%clk 0:21:59]}  Rf7 {[%clk 0:05:00]} 33. h3 {[%clk 0:22:15]}  Re7 {[%clk 0:04:21]} 34. Kg1 {[%clk 0:22:05]}  Qe1 {[%clk 0:04:39]} 35. Qxe1 {[%clk 0:22:24]}  Rxe1+ {[%clk 0:05:05]} 36. Kf2 {[%clk 0:22:49]}  Re7 {[%clk 0:05:27]} 37. Ra6 {[%clk 0:23:02]}  Kf7 {[%clk 0:03:53]} 38. a4 {[%clk 0:23:27]}  Kf6 {[%clk 0:04:07]} 39. a5 {[%clk 0:23:50]}  Ke5 {[%clk 0:04:27]} 40. axb6 {[%clk 0:23:51]}  axb6 {[%clk 0:04:51]} 41. Ke3 {[%clk 0:24:16]}  Re6 {[%clk 0:04:50]} 42. Ra7 {[%clk 0:24:04]}  h6 {[%clk 0:03:07]} 43. Rd7 {[%clk 0:23:47]}  Rd6 {[%clk 0:02:05]} 44. Re7+ {[%clk 0:24:07]}  Re6 {[%clk 0:02:29]} 45. Rd7 {[%clk 0:24:33]}  Rd6 {[%clk 0:02:56]} 46. Re7+ {[%clk 0:24:58]}  Kf6 {[%clk 0:03:23]} 47. Rb7 {[%clk 0:25:05]}  Re6+ {[%clk 0:02:42]} 48. Kf3 {[%clk 0:25:14]}  Ke5 {[%clk 0:02:46]} 49. Ke3 {[%clk 0:25:36]}  Kf6+ {[%clk 0:03:11]} 50. Kf3 {[%clk 0:26:02]}  Ke5 {[%clk 0:03:31]} 51. Ke3 {[%clk 0:26:08]}  f4+ {[%clk 0:03:47]} 52. Kd3 {[%clk 0:26:28]}  Rd6+ {[%clk 0:04:08]} 53. Kc3 {[%clk 0:26:48]}  f3 {[%clk 0:03:52]} 54. gxf3 {[%clk 0:27:12]}  Kf4 {[%clk 0:04:15]} 55. Rf7+ {[%clk 0:25:10]}  Kg3 {[%clk 0:04:40]} 56. f4 {[%clk 0:25:36]}  Kxh3 {[%clk 0:04:54]} 57. f5 {[%clk 0:26:00]}  gxf5 {[%clk 0:04:37]} 58. Rxf5 {[%clk 0:26:25]}  Kg4 {[%clk 0:04:57]} 59. Rf1 {[%clk 0:26:50]}  h5 {[%clk 0:05:13]} 60. Rg1+ {[%clk 0:27:18]}  Kf3 {[%clk 0:05:29]} 61. Rh1 {[%clk 0:27:41]}  Rh6 {[%clk 0:05:45]} 62. Kd3 {[%clk 0:27:57]}  h4 {[%clk 0:05:54]} 63. Rf1 {[%clk 0:28:01]}  Kg2 {[%clk 0:06:18]} 64. Rf8 {[%clk 0:27:50]}  h3 {[%clk 0:06:04]} 65. Rg8+ {[%clk 0:28:08]}  Kf3 {[%clk 0:06:26]} 66. Rf8 {[%clk 0:28:33]}  Kg4 {[%clk 0:06:35]} 67. Rg8+ {[%clk 0:28:55]}  Kh4 {[%clk 0:06:02]} 0-1

[Event "Open"]
[Site "Maastricht, NL"]
[Date "2025.06.06"]
[Round "1"]
[White "Den Hartog, Marijn"]
[Black "Dann, Matthias"]
[Result "0-1"]
[Board "6"]
[WhiteFideId "1046098"]
[BlackFideId "24638056"]
[BlackTitle "IM"]
[WhiteElo "2213"]
[BlackElo "2446"]
[WhiteTeam "NED"]
[BlackTeam "GER"]
[WhiteClock "0:04:30"]
[BlackClock "0:06:42"]
[Variant "Standard"]

1. e4 {[%clk 1:30:45]}  c5 {[%clk 1:30:52]} 2. Ne2 {[%clk 1:30:23]}  Nf6 {[%clk 1:30:07]} 3. e5 {[%clk 1:27:45]}  Nd5 {[%clk 1:30:02]} 4. g3 {[%clk 1:27:55]}  Nc6 {[%clk 1:29:56]} 5. Bg2 {[%clk 1:28:04]}  e6 {[%clk 1:29:34]} 6. O-O {[%clk 1:25:31]}  Nxe5 {[%clk 1:24:41]} 7. d4 {[%clk 1:22:57]}  cxd4 {[%clk 1:25:05]} 8. Nxd4 {[%clk 1:23:06]}  Be7 {[%clk 1:21:36]} 9. Re1 {[%clk 1:21:08]}  d6 {[%clk 1:19:08]} 10. c4 {[%clk 1:17:19]}  Nf6 {[%clk 1:18:20]} 11. b3 {[%clk 1:13:47]}  O-O {[%clk 1:17:35]} 12. Nc3 {[%clk 1:12:46]}  a6 {[%clk 1:13:52]} 13. Bb2 {[%clk 1:05:42]}  Rb8 {[%clk 1:14:06]} 14. Qe2 {[%clk 0:53:02]}  Bd7 {[%clk 1:11:43]} 15. Rad1 {[%clk 0:53:14]}  Qc7 {[%clk 1:10:34]} 16. h3 {[%clk 0:48:36]}  Rfe8 {[%clk 1:07:56]} 17. Ne4 {[%clk 0:46:04]}  b5 {[%clk 1:04:12]} 18. cxb5 {[%clk 0:33:34]}  axb5 {[%clk 1:04:06]} 19. f4 {[%clk 0:29:36]}  Ng6 {[%clk 1:02:18]} 20. Kh2 {[%clk 0:23:10]}  Qb6 {[%clk 0:52:40]} 21. Ng5 {[%clk 0:21:17]}  e5 {[%clk 0:49:51]} 22. fxe5 {[%clk 0:21:03]}  dxe5 {[%clk 0:44:33]} 23. Ndf3 {[%clk 0:20:59]}  Bb4 {[%clk 0:44:26]} 24. Rf1 {[%clk 0:20:28]}  Bc6 {[%clk 0:33:25]} 25. a3 {[%clk 0:17:23]}  Bf8 {[%clk 0:29:10]} 26. Ne1 {[%clk 0:16:03]}  h6 {[%clk 0:27:14]} 27. Ne4 {[%clk 0:15:22]}  Nxe4 {[%clk 0:27:11]} 28. Bxe4 {[%clk 0:15:50]}  Bxe4 {[%clk 0:27:35]} 29. Qxe4 {[%clk 0:16:18]}  Qb7 {[%clk 0:27:19]} 30. Qf5 {[%clk 0:16:12]}  Rbd8 {[%clk 0:24:28]} 31. Ng2 {[%clk 0:12:47]}  Rxd1 {[%clk 0:21:38]} 32. Rxd1 {[%clk 0:13:15]}  Re6 {[%clk 0:20:07]} 33. Re1 {[%clk 0:06:22]}  Rf6 {[%clk 0:11:06]} 34. Qe4 {[%clk 0:06:14]}  Qxe4 {[%clk 0:08:41]} 35. Rxe4 {[%clk 0:06:42]}  Ra6 {[%clk 0:08:57]} 36. b4 {[%clk 0:05:44]}  f6 {[%clk 0:08:13]} 37. Re2 {[%clk 0:05:46]}  Ne7 {[%clk 0:07:56]} 38. Rd2 {[%clk 0:05:24]}  Nf5 {[%clk 0:07:30]} 39. g4 {[%clk 0:05:27]}  Nd6 {[%clk 0:07:13]} 40. Ne3 {[%clk 0:05:48]}  Rc6 {[%clk 0:07:05]} 41. Kg2 {[%clk 0:05:45]}  Kf7 {[%clk 0:07:17]} 42. Kf3 {[%clk 0:05:12]}  Ke6 {[%clk 0:07:38]} 43. h4 {[%clk 0:05:22]}  g6 {[%clk 0:07:46]} 44. Rg2 {[%clk 0:04:14]}  h5 {[%clk 0:06:14]} 45. gxh5 {[%clk 0:04:30]}  gxh5 {[%clk 0:06:42]} 0-1

[Event "Open"]
[Site "Maastricht, NL"]
[Date "2025.06.06"]
[Round "1"]
[White "Gloeckler, Christian"]
[Black "Gijsen, Stief"]
[Result "1-0"]
[Board "7"]
[WhiteFideId "34608966"]
[BlackFideId "207535"]
[WhiteTitle "FM"]
[WhiteElo "2439"]
[BlackElo "2210"]
[WhiteTeam "GER"]
[BlackTeam "BEL"]
[WhiteClock "0:02:46"]
[BlackClock "0:00:40"]
[Variant "Standard"]

1. e4 {[%clk 1:30:59]}  c5 {[%clk 1:30:50]} 2. Nf3 {[%clk 1:31:22]}  e6 {[%clk 1:31:12]} 3. d4 {[%clk 1:31:45]}  cxd4 {[%clk 1:31:36]} 4. Nxd4 {[%clk 1:32:08]}  Nf6 {[%clk 1:31:55]} 5. Nc3 {[%clk 1:32:28]}  Nc6 {[%clk 1:32:13]} 6. Be2 {[%clk 1:32:29]}  d6 {[%clk 1:30:36]} 7. Be3 {[%clk 1:30:37]}  Be7 {[%clk 1:30:16]} 8. f4 {[%clk 1:28:43]}  O-O {[%clk 1:27:46]} 9. g4 {[%clk 1:15:07]}  Nxd4 {[%clk 1:21:02]} 10. Bxd4 {[%clk 1:13:44]}  e5 {[%clk 1:20:47]} 11. Be3 {[%clk 1:10:37]}  exf4 {[%clk 1:17:41]} 12. Bxf4 {[%clk 1:10:47]}  Qa5 {[%clk 1:11:12]} 13. O-O {[%clk 0:52:29]}  Be6 {[%clk 0:54:15]} 14. Kh1 {[%clk 0:41:05]}  Rfd8 {[%clk 0:48:10]} 15. g5 {[%clk 0:32:36]}  Nd7 {[%clk 0:44:56]} 16. Nd5 {[%clk 0:30:45]}  Bf8 {[%clk 0:42:47]} 17. c4 {[%clk 0:22:38]}  Bxd5 {[%clk 0:36:13]} 18. exd5 {[%clk 0:20:38]}  Re8 {[%clk 0:36:02]} 19. Bd3 {[%clk 0:17:43]}  g6 {[%clk 0:27:52]} 20. Qf3 {[%clk 0:13:44]}  Qc7 {[%clk 0:26:21]} 21. Rae1 {[%clk 0:07:59]}  Nc5 {[%clk 0:23:28]} 22. Bc2 {[%clk 0:07:16]}  a5 {[%clk 0:23:07]} 23. b3 {[%clk 0:05:23]}  Qd7 {[%clk 0:15:14]} 24. Bg3 {[%clk 0:04:18]}  Rxe1 {[%clk 0:12:28]} 25. Rxe1 {[%clk 0:04:13]}  Re8 {[%clk 0:10:46]} 26. Rf1 {[%clk 0:04:05]}  b6 {[%clk 0:10:15]} 27. Kg2 {[%clk 0:03:17]}  Nb7 {[%clk 0:09:53]} 28. a3 {[%clk 0:02:47]}  Bg7 {[%clk 0:08:14]} 29. b4 {[%clk 0:02:19]}  Be5 {[%clk 0:08:29]} 30. Ba4 {[%clk 0:01:23]}  Qxa4 {[%clk 0:05:36]} 31. Qxf7+ {[%clk 0:01:47]}  Kh8 {[%clk 0:06:04]} 32. b5 {[%clk 0:01:35]}  Qc2+ {[%clk 0:06:04]} 33. Kh3 {[%clk 0:01:54]}  Rg8 {[%clk 0:03:43]} 34. Bxe5+ {[%clk 0:02:03]}  dxe5 {[%clk 0:04:09]} 35. Qf6+ {[%clk 0:02:26]}  Rg7 {[%clk 0:04:36]} 36. Qf8+ {[%clk 0:01:38]}  Rg8 {[%clk 0:05:03]} 37. Qf6+ {[%clk 0:02:03]}  Rg7 {[%clk 0:05:30]} 38. Qxe5 {[%clk 0:01:10]}  Qd3+ {[%clk 0:02:53]} 39. Kg2 {[%clk 0:01:35]}  h5 {[%clk 0:02:58]} 40. gxh6 {[%clk 0:01:40]}  Qd2+ {[%clk 0:03:19]} 41. Kg3 {[%clk 0:01:38]}  Qxh6 {[%clk 0:03:16]} 42. Rf4 {[%clk 0:01:32]}  g5 {[%clk 0:02:54]} 43. Rf8+ {[%clk 0:01:15]}  Kh7 {[%clk 0:03:20]} 44. Qf5+ {[%clk 0:01:41]}  Rg6 {[%clk 0:01:25]} 45. Rf7+ {[%clk 0:02:05]}  Kg8 {[%clk 0:01:45]} 46. Rxb7 {[%clk 0:02:22]}  Rg7 {[%clk 0:00:40]} 47. Rb8# {[%clk 0:02:46]} 1-0

[Event "Open"]
[Site "Maastricht, NL"]
[Date "2025.06.06"]
[Round "1"]
[White "Mueer, Sebastian"]
[Black "Degraeve, Remy"]
[Result "0-1"]
[Board "8"]
[WhiteFideId "24622001"]
[BlackFideId "26024560"]
[BlackTitle "IM"]
[WhiteElo "2208"]
[BlackElo "2425"]
[WhiteTeam "GER"]
[BlackTeam "FRA"]
[WhiteClock "0:14:06"]
[BlackClock "0:39:36"]
[Variant "Standard"]

1. d4 {[%clk 1:30:56]}  Nf6 {[%clk 1:30:41]} 2. c4 {[%clk 1:31:17]}  e6 {[%clk 1:31:07]} 3. Nc3 {[%clk 1:31:37]}  d5 {[%clk 1:31:21]} 4. cxd5 {[%clk 1:31:58]}  exd5 {[%clk 1:31:48]} 5. Bg5 {[%clk 1:32:18]}  Be6 {[%clk 1:32:14]} 6. e3 {[%clk 1:32:17]}  Nbd7 {[%clk 1:32:38]} 7. Bd3 {[%clk 1:30:33]}  c6 {[%clk 1:32:43]} 8. Nge2 {[%clk 1:27:26]}  h6 {[%clk 1:33:05]} 9. Bh4 {[%clk 1:27:36]}  g5 {[%clk 1:33:27]} 10. Bg3 {[%clk 1:27:56]}  Nh5 {[%clk 1:33:53]} 11. O-O {[%clk 1:18:46]}  Nxg3 {[%clk 1:34:02]} 12. Nxg3 {[%clk 1:18:58]}  Nf6 {[%clk 1:34:24]} 13. Qb3 {[%clk 1:13:19]}  Qb6 {[%clk 1:31:41]} 14. Qc2 {[%clk 1:13:33]}  Qc7 {[%clk 1:32:05]} 15. Rfc1 {[%clk 1:05:23]}  h5 {[%clk 1:26:33]} 16. Rab1 {[%clk 1:01:32]}  h4 {[%clk 1:19:57]} 17. Nf1 {[%clk 1:00:23]}  h3 {[%clk 1:20:21]} 18. g3 {[%clk 1:00:20]}  Bg7 {[%clk 1:20:13]} 19. Nd2 {[%clk 0:56:31]}  Qe7 {[%clk 1:18:25]} 20. b4 {[%clk 0:56:03]}  a6 {[%clk 1:18:49]} 21. Na4 {[%clk 0:54:57]}  O-O {[%clk 1:15:51]} 22. Nc5 {[%clk 0:52:58]}  Ng4 {[%clk 1:07:12]} 23. Re1 {[%clk 0:42:40]}  f5 {[%clk 1:04:35]} 24. Bf1 {[%clk 0:42:05]}  Nxf2 {[%clk 0:55:25]} 25. Kxf2 {[%clk 0:29:35]}  f4 {[%clk 0:55:24]} 26. Kg1 {[%clk 0:30:03]}  fxg3 {[%clk 0:53:07]} 27. Bd3 {[%clk 0:19:20]}  Rf2 {[%clk 0:49:14]} 28. Re2 {[%clk 0:18:40]}  Bg4 {[%clk 0:48:20]} 29. Nf1 {[%clk 0:16:23]}  Bxe2 {[%clk 0:47:19]} 30. Bxe2 {[%clk 0:16:30]}  Raf8 {[%clk 0:40:03]} 31. hxg3 {[%clk 0:13:20]}  Rg2+ {[%clk 0:39:29]} 32. Kh1 {[%clk 0:13:43]}  Rff2 {[%clk 0:39:48]} 33. Re1 {[%clk 0:14:06]}  h2 {[%clk 0:39:36]} 0-1